BIBLIOTECA PODER JUDICIAL
Portal Judicial TDF

Juicios sumarios : (Registro nro. 1532)

000 -LEADER
fixed length control field 01759nam a22002297a 4500
003 - CONTROL NUMBER IDENTIFIER
control field OSt
005 - DATE AND TIME OF LATEST TRANSACTION
control field 20190417083842.0
008 - FIXED-LENGTH DATA ELEMENTS--GENERAL INFORMATION
fixed length control field 180302b xxu||||| |||| 00| 0 spa d
020 ## - INTERNATIONAL STANDARD BOOK NUMBER
International Standard Book Number 9505360738
040 ## - CATALOGING SOURCE
Transcribing agency PJ
100 ## - ASIENTO PRINCIPAL - NOMBRE DE PERSONA
9 (RLIN) 95
Personal name Morello, Augusto Mario
245 10 - MENCIÓN DE TÍTULO
Título propiamente dicho Juicios sumarios :
Parte restante del título interdictos, desalojos /
Mención de responsabilidad, etc Augusto M. Morello; colaboración de Alberto Tessone.
Number of part/section of a work Tomo I
260 ## - PUBLICATION, DISTRIBUTION, ETC. (IMPRINT)
Place of publication, distribution, etc La Plata :
Name of publisher, distributor, etc Lep,
Date of publication, distribution, etc 1995.
300 ## - DESCRIPCION FISICA
Extent 545 p.
Dimensions 22 cm.
505 ## - FORMATTED CONTENTS NOTE
Formatted contents note Principios generales -- Interdictos de adquirir -- Interdicto de retener -- Interdicto de recobrar -- Interdicto de obra nueva -- Trámites -- Acciones posesorias -- Relación entre el proceso de desalojo y los interdictos y acciones posesorias -- Denuncia de daño temido -- Oposición a la ejecución de reparaciones urgentes -- Proceso de desalojo: caracterización; a quiénes se acuerda la acción de desalojo -- Legitimados pasivos especiales -- Otros casos -- El sublocatario -- Otros ocupantes --Demanda de desalojo -- Prueba -- Sentencia y modos anormales de terminación del proceso -- Recursos -- Ejecución de sentencia; condena de futuro; medidas cautelares; mejoras, derecho de retención; relaciones entre el juicio de desalojo y el cobro ejecutivo de alquileres -- Relaciones entre el juicio de desalojo y el proceso por daños y perjuicios -- Nulidad del proceso por vía incidente -- Legislación de emergencia y el proceso de desalojo; desalojo del fondo de comercio -- Desalojo de finca agraria -- Jurisprudencia.
650 #0 - ASIENTO SECUNDARIO DE MATERIA - TERMINO TEMATICO
9 (RLIN) 267
Topical term or geographic name as entry element DERECHO PROCESAL
650 #0 - ASIENTO SECUNDARIO DE MATERIA - TERMINO TEMATICO
9 (RLIN) 2325
Topical term or geographic name as entry element JUICIO SUMARIO
650 #0 - ASIENTO SECUNDARIO DE MATERIA - TERMINO TEMATICO
9 (RLIN) 2025
Topical term or geographic name as entry element JUICIO DE DESALOJO
650 #0 - ASIENTO SECUNDARIO DE MATERIA - TERMINO TEMATICO
9 (RLIN) 3974
Topical term or geographic name as entry element INTERDICTOS POSESORIOS
700 ## - ADDED ENTRY--PERSONAL NAME
9 (RLIN) 2476
Personal name Tessone, Alberto J.
Relator term colaborador
942 ## - ADDED ENTRY ELEMENTS (KOHA)
Source of classification or shelving scheme
Koha item type Libros
Classification part 347.919.7
Item part MOR
Existencias
Withdrawn status Lost status Source of classification or shelving scheme Damaged status Not for loan Permanent Location Current Location Date acquired Full call number Barcode Date last seen Price effective from Koha item type
          Biblioteca Poder Judicial Sur Biblioteca Poder Judicial Sur 2018-09-24 347.919.7 MOR 0399 2018-09-24 2018-09-24 Libros

12 de Octubre 789 Ushuaia - Tel:  54(02901)441571
Horario de Atención: 8.00 a 17.00 hs. 
bibliotecaush@justierradelfuego.gov.ar
koha@justierradelfuego.gov.ar
Seguinos en nuestras redes @bibliojustdf 

Con tecnología Koha